Nový systém - medzinárodná kompatibilita

Interview s dekanom Obchodnej fakulty EU v Bratislave prof. Ing. Ferdinandom Daňom, CSc. Zmeny na OF v dôsledku nového zákona o vysokých školách. Ako sa začlenenie do EÚ premieta do obsahu učiva na OF. Charakteristické rysy pre spoluprácu so zahraničnými univerzitami. Do akej miery kontakty so zahra...

Ausführliche Beschreibung

Gespeichert in:
Bibliographische Detailangaben
1. Verfasser: Hvizdoš, Ladislav
Weitere Verfasser: Daňo, Ferdinand, 1959-
Format: Buchkapitel
Sprache:Slowakisch
Schlagworte:
Tags: Tag hinzufügen
Keine Tags, Fügen Sie das erste Tag hinzu!

MARC

LEADER 00000naa$a2200000$$$4500
001 0039788
005 20240502071505.1
041 0 |a slo 
044 |a SK 
245 1 0 |a Nový systém - medzinárodná kompatibilita  |c Ferdinand Daňo 
520 |a Interview s dekanom Obchodnej fakulty EU v Bratislave prof. Ing. Ferdinandom Daňom, CSc. Zmeny na OF v dôsledku nového zákona o vysokých školách. Ako sa začlenenie do EÚ premieta do obsahu učiva na OF. Charakteristické rysy pre spoluprácu so zahraničnými univerzitami. Do akej miery kontakty so zahraničnými univerzitami pomáhajú rozvíjať vedeckovýskumnú prácu. Získavanie finančných prostridkov pre fakultu. Jazyková príprava študentov. Doktorandské štúdium. Dlhodobý zámer ďalšieho rozvoja fakulty. 
610 2 0 |a Ekonomická univerzita v Bratislave 
610 2 0 |a vzdelávanie vysokoškolské 
610 2 0 |a financovanie 
610 2 0 |a veda 
610 2 0 |a výskum 
610 2 0 |a výučba vedecká 
610 2 0 |a vývoj 
610 2 0 |a koncepcie 
610 2 0 |a spolupráca medzinárodná 
100 1 |a Hvizdoš, Ladislav 
700 1 |a Daňo, Ferdinand, 1959-